Skoki Narciarskie - Zdobywcy Podium z Norwegii (2000-2009) - Statystyki

Ogólne statystyki
  • Ten quiz został rozwiązany 37 razy
  • Średni wynik to 7 z 10
Statystyki odpowiedzi
Podia Skoczek % Poprawnych
6 Anders Bardal
90%
19 Anders Jacobsen
90%
29 Roar Ljøkelsøy
87%
22 Bjørn Einar Romøren
83%
8 Tom Hilde
80%
11 Sigurd Pettersen
67%
2 Johan Remen Evensen
63%
4 Lars Bystøl
63%
4 Tommy Ingebrigtsen
60%
1 Lasse Ottesen
10%
Nie znaleziono quizów pasujących do podanych kryteriów
Rozkład punktacji
Procent ludzi z każdym wynikiem
Percentyl według liczby udzielonych odpowiedzi
Twoja historia wyników
Nie rozwiązałeś tego quizu